000 00690nam a2200229 i 4500
001 47815
003 ES-MaACL
005 20230906161634.0
007 t|
008 030527s2000 sp ||||0| spa j
020 _a84-8235-305-5
040 _aM-BN
_bspa
_cM-BN
080 _a658.624
100 1 _aTorrecilla, José Miguel.
_9110801
245 1 3 _aLa innovación en la práctica
_b: el desarrollo de nuevos productos /
_cJosé Miguel Torrecilla.
250 _a1ª ed.
260 _aValencia :
_bCissPraxis,
_c2000.
300 _a328 p. :
_bgráf. ;
_c24 cm.
504 _aBibliografía: p. 323-328.
650 4 _aNuevos productos.
_915644
852 _aES-MaACL
_jL-26387
_bR.132154
999 _c47815
_d47815